Sobre la génesis del Derecho administrativo español en el siglo XIX (Record no. 138608)

MARC details
000 -LEADER
campo de control de longitud fija 00738nam a2200193 4500
001 - NÚMERO DE CONTROL
campo de control 138608
003 - IDENTIFICADOR DE NÚMERO DE CONTROL
campo de control ES-MaACL
005 - FECHA Y HORA DE LA ÚLTIMA TRANSACCIÓN
campo de control 20250812063123.0
007 - CAMPO FIJO DE DESCRIPCIÓN FÍSICA--INFORMACIÓN GENERAL
campo de control de longitud fija t|
008 - DATOS DE LONGITUD FIJA--INFORMACIÓN GENERAL
campo de control de longitud fija 070214s1973 sp r ||||1| spa d
100 1# - ENTRADA PRINCIPAL--NOMBRE DE PERSONA
Nombre de persona Santamaría Pastor, Juan Alfonso,
Fechas asociadas al nombre 1942-
9 (RLIN) 103312
245 10 - MENCIÓN DEL TÍTULO
Título Sobre la génesis del Derecho administrativo español en el siglo XIX
Resto del título : (1812-1845) /
Mención de responsabilidad, etc. Juan Alfonso Santamaría Pastor.
260 ## - PUBLICACIÓN, DISTRIBUCIÓN, ETC.
Lugar de publicación, distribución, etc. Sevilla :
Nombre del editor, distribuidor, etc. Universidad, Instituto García Oviedo,
Fecha de publicación, distribución, etc. 1973.
300 ## - DESCRIPCIÓN FÍSICA
Extensión 162 p. ;
Dimensiones 20 cm.
490 1# - MENCIÓN DE SERIE
Mención de serie Universidad de Sevilla ;
Designación de volumen o secuencia Instituto García Oviedo
830 0# - PUNTO DE ACCESO ADICIONAL DE SERIE-TÍTULO UNIFORME
Título uniforme Universidad de Sevilla ;
Designación de volumen o secuencia Instituto García Oviedo
9 (RLIN) 220173
852 ## - LOCALIZACIÓN
Ubicación ES-MaACL
Número de control de estantería G-2870
Sublocalización o colección R.114337
Holdings
Estatus retirado Estado de pérdida Estado de daño No para préstamo Biblioteca de origen Biblioteca actual Ubicación en estantería Fecha de adquisición Fuente de adquisición Total de préstamos Signatura topográfica completa Código de barras Visto por última vez Precio de reemplazo Tipo de ítem Koha
        Biblioteca del Ateneo de Madrid Biblioteca del Ateneo de Madrid Depósito 2 17/01/2008     G-2870 1144235 23/02/2023 23/02/2023 Libro impreso